[Event "GER-chT DLM U20"]
[Site "Wismar"]
[Date "2009.09.30"]
[Round "2"]
[White "Garny, Annica"]
[Black "Duessler, Stefanie"]
[Result "0-1"]
[WhiteElo "1787"]
[BlackElo "1741"]
[PlyCount "54"]
[EventDate "2009.09.30"]
[EventType "team-swiss"]
[EventRounds "7"]
[EventCountry "GER"]
[SourceTitle "CBM 132 Extra"]
[Source "ChessBase"]
[SourceDate "2009.11.03"]
[SourceVersion "1"]
[SourceVersionDate "2009.11.03"]
[SourceQuality "1"]
[WhiteTeam "Hamburg U20"]
[BlackTeam "Niedersachsen U20"]
[WhiteTeamCountry "GER"]
[BlackTeamCountry "GER"]

1. e4 e6 2. d4 d5 3. exd5 exd5 4. Bd3 Bd6 5. Nc3 c6 6. Nge2 Qc7 7. Be3 Ne7 8. Ng3 f5 9. Bd2 f4 10. Nf1 0-0 11. g3 Nf5 12. gxf4 Nxd4 13. Qh5 Bf5 14. Bxf5 Rxf5 15. Qg4 Bxf4 16. Ne2 Qe5 17. Bxf4 Rxf4 18. Qc8+ Rf8 19. Qg4 Nxc2+ 20. Kd1 Nxa1 21. Kc1 Na6 22. Kb1 d4 23. Kxa1 d3 24. Nc1 Rad8 25. Ne3 Rxf2 26. Qc4+ Kh8 27. Nxd3 Rxd3 0-1

[Event "GER-ch U16 Girls"]
[Site "Willingen"]
[Date "2009.06.05"]
[Round "8"]
[White "Garny, Annica"]
[Black "Rusch, Julia"]
[Result "0-1"]
[WhiteElo "1604"]
[BlackElo "1425"]
[PlyCount "84"]
[EventDate "2009.05.30"]
[EventType "swiss"]
[EventRounds "9"]
[EventCountry "GER"]
[SourceTitle "EXT 2010"]
[Source "ChessBase"]
[SourceDate "2010.11.25"]
[SourceVersion "1"]
[SourceVersionDate "2010.11.25"]
[SourceQuality "1"]

1. e4 c6 2. d4 d5 3. Nc3 dxe4 4. Nxe4 Bf5 5. Ng3 Bg6 6. Nf3 Nd7 7. h4 h6 8. h5 Bh7 9. Bd3 Bxd3 10. Qxd3 Ngf6 11. Bd2 e6 12. 0-0-0 Qc7 13. Ne4 0-0-0 14. Kb1 Nxe4 15. Qxe4 Nf6 16. Qe2 Bd6 17. c4 Bf4 18. Bc3 Rhe8 19. g3 Bd6 20. c5 Bf8 21. Ne5 Nd5 22. Qf3 Nxc3+ 23. Qxc3 f6 24. Ng6 Rd7 25. Nxf8 Rxf8 26. Qc4 Rd5 27. Qd3 Rfd8 28. Rh4 Qf7 29. Qe3 e5 30. a3 exd4 31. Rdxd4 Rxd4 32. Rxd4 Rxd4 33. Qxd4 Qxh5 34. Qd6 Qh1+ 35. Kc2 Qe4+ 36. Kd2 Qd5+ 37. Qxd5 cxd5 38. Kd3 Kd7 39. a4 a5 40. Kc3 Kc6 41. Kd4 h5 42. f4 g6 0-1

[Event "Hamburg-ch U16"]
[Site "Schoenhagen"]
[Date "2009.03.17"]
[Round "5"]
[White "Garny, Annica"]
[Black "Moeller, Dustin"]
[Result "1/2-1/2"]
[WhiteElo "1562"]
[BlackElo "1540"]
[PlyCount "35"]
[EventDate "2009.03.14"]
[EventType "swiss"]
[EventRounds "9"]
[EventCountry "GER"]
[SourceTitle "EXT 2010"]
[Source "ChessBase"]
[SourceDate "2010.11.25"]
[SourceVersion "1"]
[SourceVersionDate "2010.11.25"]
[SourceQuality "1"]

1. e4 d6 2. d4 Nf6 3. Nc3 g6 4. f3 Bg7 5. Be3 0-0 6. Bc4 c6 7. Qd2 e5 8. dxe5 dxe5 9. 0-0-0 Qxd2+ 10. Rxd2 b5 11. Bb3 a5 12. a4 b4 13. Nd1 Nbd7 14. Nf2 Ba6 15. Nd3 Rab8 16. Ne2 Rfe8 17. Rhd1 Bf8 18. Kb1 1/2-1/2

[Event "Hamburg-ch U16"]
[Site "Schoenhagen"]
[Date "2009.03.14"]
[Round "1"]
[White "Garny, Annica"]
[Black "Goepfert, Jakob"]
[Result "0-1"]
[WhiteElo "1562"]
[BlackElo "1848"]
[PlyCount "75"]
[EventDate "2009.03.14"]
[EventType "swiss"]
[EventRounds "9"]
[EventCountry "GER"]
[SourceTitle "EXT 2010"]
[Source "ChessBase"]
[SourceDate "2010.11.25"]
[SourceVersion "1"]
[SourceVersionDate "2010.11.25"]
[SourceQuality "1"]

1. e4 c6 2. d4 d5 3. Nc3 dxe4 4. Nxe4 Bf5 5. Ng3 Bg6 6. Nf3 Nd7 7. Bc4 e6 8. 0-0 Ngf6 9. c3 Be7 10. Qe2 0-0 11. Nh4 Nd5 12. Nxg6 hxg6 13. Ne4 Qc7 14. f4 N7f6 15. Ng5 Rad8 16. Bxd5 Nxd5 17. c4 Nb6 18. Nf3 c5 19. dxc5 Qxc5+ 20. Be3 Qxc4 21. Qxc4 Nxc4 22. Bxa7 b6 23. b3 Bc5+ 24. Kh1 Ne3 25. Rfc1 Nd5 26. Rc4 Rd7 27. Rxc5 bxc5 28. Bxc5 Rc8 29. Bf2 Nxf4 30. a4 Rb7 31. Nd4 Nd3 32. Be1 Rc1 33. Rxc1 Nxc1 34. b4 Nd3 35. Bd2 Nxb4 36. a5 e5 37. Nf3 e4 38. Ne5 0-1

[Event "GER-ch U14 Girls"]
[Site "Willingen"]
[Date "2007.05.31"]
[Round "8"]
[White "Stitterich, Nadine"]
[Black "Garny, Annica"]
[Result "1-0"]
[WhiteElo "1656"]
[BlackElo "1405"]
[PlyCount "135"]
[EventDate "2007.05.26"]
[EventType "swiss"]
[EventRounds "9"]
[EventCountry "GER"]
[SourceTitle "CBM 118 Extra"]
[Source "ChessBase"]
[SourceDate "2007.07.04"]
[SourceVersion "1"]
[SourceVersionDate "2007.07.04"]
[SourceQuality "1"]

1. e4 e5 2. Nf3 Nc6 3. Bb5 a6 4. Ba4 Nf6 5. 0-0 b5 6. Bb3 Bc5 7. c3 d6 8. h3 h6 9. Bc2 0-0 10. d4 Bb6 11. b3 Bb7 12. Re1 Re8 13. Bb2 Qd7 14. Nbd2 Rad8 15. Nf1 d5 16. Nxe5 Nxe5 17. dxe5 Rxe5 18. c4 d4 19. cxb5 axb5 20. Ng3 Rg5 21. Bd3 c5 22. Qe2 Bc6 23. Kh1 Bc7 24. Qf3 Qd6 25. Bc1 Rh5 26. Kg1 c4 27. Nxh5 Nxh5 28. bxc4 bxc4 29. Bxc4 Qh2+ 30. Kf1 Ng3+ 31. fxg3 Bxg3 32. Rd1 Ba4 33. Qxf7+ Kh8 34. Bxh6 gxh6 35. Qf6+ Kh7 36. Qf7+ Kh8 37. Qf6+ Kh7 38. Qf5+ Kg7 39. Qf7+ Kh8 40. Qf6+ Kh7 41. Qf3 Bxd1 42. Rxd1 Bd6 43. Qf7+ Kh8 44. Qf6+ Kh7 45. Bf7 Qf4+ 46. Qxf4 Bxf4 47. Bd5 Be5 48. a4 Rd6 49. Rb1 Ra6 50. Rb7+ Kg6 51. Re7 Rxa4 52. Rxe5 d3 53. Re6+ Kg5 54. Bb3 Rd4 55. Re5+ Kf4 56. Rd5 Kxe4 57. Rxd4+ Kxd4 58. g4 Ke3 59. Bd1 Kd2 60. Bf3 Ke3 61. Kg2 Kf4 62. h4 d2 63. Bd1 Ke5 64. Kg3 Ke4 65. Bc2+ Ke5 66. g5 h5 67. Bd1 Kf5 68. Bxh5 1-0

[Event "GER-ch U14 Girls"]
[Site "Willingen"]
[Date "2007.05.28"]
[Round "4"]
[White "Rogasch, Miriam"]
[Black "Garny, Annica"]
[Result "1-0"]
[WhiteElo "1284"]
[BlackElo "1405"]
[PlyCount "75"]
[EventDate "2007.05.26"]
[EventType "swiss"]
[EventRounds "9"]
[EventCountry "GER"]
[SourceTitle "CBM 118 Extra"]
[Source "ChessBase"]
[SourceDate "2007.07.04"]
[SourceVersion "1"]
[SourceVersionDate "2007.07.04"]
[SourceQuality "1"]

1. e4 e5 2. Nf3 Nc6 3. Bc4 Bc5 4. b4 Bxb4 5. c3 Bc5 6. 0-0 d6 7. h3 Qf6 8. Bb2 Qg6 9. Kh1 Qxe4 10. Bxf7+ Ke7 11. d4 Bb6 12. Nbd2 Qf4 13. Bd5 Nf6 14. Bxc6 bxc6 15. dxe5 Nd5 16. exd6+ cxd6 17. c4 Nf6 18. Qe2+ Kf7 19. Qd3 Bb7 20. Rae1 Rae8 21. g3 Qh6 22. Qxd6 Qxh3+ 23. Kg1 Qf5 24. Bxf6 gxf6 25. Nh4 Qg4 26. c5 Bd8 27. Kh2 Rhg8 28. f3 Qg5 29. Qd7+ Re7 30. Rxe7+ Bxe7 31. Ne4 Qe5 32. Qxb7 f5 33. Nd6+ Ke6 34. Qb3+ Kd7 35. Qxg8 Qe2+ 36. Kg1 Qe3+ 37. Kh1 Qe2 38. Qc8# 1-0

[Event "GER-ch U14 Girls"]
[Site "Willingen"]
[Date "2007.05.27"]
[Round "2"]
[White "Velina, Valeria"]
[Black "Garny, Annica"]
[Result "1/2-1/2"]
[WhiteElo "1190"]
[BlackElo "1405"]
[PlyCount "42"]
[EventDate "2007.05.26"]
[EventType "swiss"]
[EventRounds "9"]
[EventCountry "GER"]
[SourceTitle "CBM 118 Extra"]
[Source "ChessBase"]
[SourceDate "2007.07.04"]
[SourceVersion "1"]
[SourceVersionDate "2007.07.04"]
[SourceQuality "1"]

1. e4 e5 2. Nf3 Nc6 3. d4 exd4 4. Nxd4 Bc5 5. Be3 Nxd4 6. Bxd4 Bxd4 7. Qxd4 Qf6 8. e5 Qb6 9. Qc3 f6 10. Bc4 Ne7 11. exf6 gxf6 12. Bb3 d5 13. Nd2 Bd7 14. 0-0-0 0-0-0 15. Rhf1 Ng6 16. f4 Bb5 17. Rfe1 Nxf4 18. Kb1 Kb8 19. g3 Ng6 20. Qf3 Qd6 21. c4 dxc4 1/2-1/2

[Event "GER-ch U12"]
[Site "Willingen"]
[Date "2005.05.15"]
[Round "2"]
[White "Garny, Annica"]
[Black "Hubbuch, Fabian"]
[Result "0-1"]
[WhiteElo "1259"]
[BlackElo "1452"]
[PlyCount "158"]
[EventDate "2005.05.14"]
[EventType "swiss"]
[EventRounds "11"]
[EventCountry "GER"]
[SourceTitle "CBM 106 Extra"]
[Source "ChessBase"]
[SourceDate "2005.07.01"]
[SourceVersion "1"]
[SourceVersionDate "2005.07.01"]
[SourceQuality "1"]

1. e4 e5 2. Nf3 Nc6 3. Bc4 Nf6 4. Nc3 Bc5 5. d3 d6 6. Be3 Bxe3 7. fxe3 0-0 8. Qe2 Ne7 9. h3 c6 10. g4 Ng6 11. 0-0-0 b5 12. Bb3 a5 13. a3 b4 14. Nb1 bxa3 15. Nxa3 a4 16. Ba2 Qb6 17. g5 Nh5 18. Rdg1 Rb8 19. b3 Be6 20. Nd2 axb3 21. Bxb3 Ra8 22. Nab1 Bxb3 23. Nxb3 Ra2 24. Qxh5 Qxe3+ 25. N1d2 Rfa8 26. Rd1 Nf4 27. Rhe1 Qxe1 28. Rxe1 Nxh5 29. Nc4 Rd8 30. Kb1 Raa8 31. Kb2 Nf4 32. h4 Kf8 33. Kc3 Ke7 34. d4 exd4+ 35. Nxd4 Rac8 36. Nb6 Rc7 37. Rf1 Ne6 38. Nf5+ Kf8 39. Nd4 Nxd4 40. Kxd4 Rb7 41. Nc4 Rb4 42. Kd3 d5 43. exd5 cxd5 44. Ne5 Rb7 45. g6 hxg6 46. Nxg6+ Kg8 47. Nf4 Rb4 48. Ke3 Re8+ 49. Kd3 d4 50. Nd5 Ra4 51. Rg1 Kh7 52. Rg4 Kh6 53. c3 Rd8 54. Rxd4 Rxd4+ 55. Kxd4 Kh5 56. c4 Kxh4 57. c5 g5 58. c6 g4 59. c7 Rc8 60. Kc5 g3 61. Kc6 g2 62. Kd7 Rxc7+ 63. Nxc7 g1Q 64. Kd6 f5 65. Nd5 Qd4 66. Ke6 f4 67. Nxf4 Qxf4 68. Kd5 Kg5 69. Ke6 Qd4 70. Ke7 Qf6+ 71. Kd7 Qb6 72. Ke7 Qc6 73. Kf7 Qf6+ 74. Ke8 Qg7 75. Kd8 Kf6 76. Kc8 Ke6 77. Kb8 Kd6 78. Ka8 Kc6 79. Kb8 Qb7# 0-1

[Event "GER-ch U12"]
[Site "Willingen"]
[Date "2005.05.15"]
[Round "3"]
[White "Von Wardenburg, Jendrik"]
[Black "Garny, Annica"]
[Result "0-1"]
[WhiteElo "965"]
[BlackElo "1259"]
[PlyCount "34"]
[EventDate "2005.05.14"]
[EventType "swiss"]
[EventRounds "11"]
[EventCountry "GER"]
[SourceTitle "CBM 106 Extra"]
[Source "ChessBase"]
[SourceDate "2005.07.01"]
[SourceVersion "1"]
[SourceVersionDate "2005.07.01"]
[SourceQuality "1"]

1. e4 e5 2. Nf3 Nc6 3. Bc4 Bc5 4. c3 Nf6 5. d4 exd4 6. cxd4 Bb4+ 7. Bd2 Nxe4 8. Bxb4 Nxb4 9. Bxf7+ Kxf7 10. Qb3+ d5 11. Qxb4 Re8 12. 0-0 Qf6 13. Re1 b6 14. Qb5 c6 15. Ne5+ Rxe5 16. dxe5 Qxf2+ 17. Kh1 Qxe1+ 0-1